[Event "N1 Reykjavik Open 2014"]
[Site "Reykjavik, Iceland"]
[Date "2014.03.08"]
[Round "6.6"]
[White "Jones, Gawain C B"]
[Black "Urkedal, Frode"]
[Result "1-0"]
[WhiteElo "2651"]
[BlackElo "2495"]
[LiveChessVersion "1.4.2"]

1. e4 
    {[%clk 1:29:39]}
1. ... e5 
    {[%clk 1:30:52]}
2. Nf3 
    {[%clk 1:30:01]}
2. ... Nc6 
    {[%clk 1:31:17]}
3. d4 
    {[%clk 1:30:26]}
3. ... exd4 
    {[%clk 1:31:42]}
4. Nxd4 
    {[%clk 1:30:52]}
4. ... Nf6 
    {[%clk 1:32:05]}
5. Nxc6 
    {[%clk 1:31:17]}
5. ... bxc6 
    {[%clk 1:32:31]}
6. e5 
    {[%clk 1:31:38]}
6. ... Qe7 
    {[%clk 1:32:55]}
7. Qe2 
    {[%clk 1:32:03]}
7. ... Nd5 
    {[%clk 1:33:17]}
8. c4 
    {[%clk 1:32:29]}
8. ... Ba6 
    {[%clk 1:33:33]}
9. Nd2 
    {[%clk 1:32:39]}
9. ... Nb6 
    {[%clk 1:22:05]}
10. b3 
    {[%clk 1:26:43]}
10. ... g6 
    {[%clk 1:18:19]}
11. Bb2 
    {[%clk 1:22:50]}
11. ... Bg7 
    {[%clk 1:18:26]}
12. O-O-O 
    {[%clk 1:22:26]}
12. ... O-O 
    {[%clk 1:16:42]}
13. f4 
    {[%clk 1:14:48]}
13. ... Rfe8 
    {[%clk 1:09:20]}
14. Qf2 
    {[%clk 1:10:53]}
14. ... d5 
    {[%clk 0:52:32]}
15. cxd5 
    {[%clk 0:56:43]}
15. ... Bxf1 
    {[%clk 0:51:15]}
16. Rhxf1 
    {[%clk 0:56:59]}
16. ... cxd5 
    {[%clk 0:51:13]}
17. Rde1 
    {[%clk 0:54:37]}
17. ... c5 
    {[%clk 0:46:57]}
18. f5 
    {[%clk 0:47:42]}
18. ... Qc7 
    {[%clk 0:40:45]}
19. f6 
    {[%clk 0:39:36]}
19. ... c4 
    {[%clk 0:34:26]}
20. fxg7 
    {[%clk 0:29:56]}
20. ... c3 
    {[%clk 0:34:42]}
21. Ba3 
    {[%clk 0:25:39]}
21. ... cxd2+ 
    {[%clk 0:33:24]}
22. Kxd2 
    {[%clk 0:24:02]}
22. ... Rac8 
    {[%clk 0:31:09]}
23. Rc1 
    {[%clk 0:23:32]}
23. ... Qd7 
    {[%clk 0:31:28]}
24. Rxc8 
    {[%clk 0:17:46]}
24. ... Nxc8 
    {[%clk 0:30:06]}
25. Qd4 
    {[%clk 0:16:21]}
25. ... Ne7 
    {[%clk 0:29:05]}
26. Rf6 
    {[%clk 0:06:41]}
26. ... Nf5 
    {[%clk 0:14:15]}
27. e6 
    {[%clk 0:07:03]}
27. ... Rxe6 
    {[%clk 0:13:43]}
28. Qc5 
    {[%clk 0:06:36]}
28. ... Kxg7 
    {[%clk 0:13:53]}
29. Rxe6 
    {[%clk 0:06:02]}
29. ... Qxe6 
    {[%clk 0:14:08]}
30. g4 
    {[%clk 0:05:25]}
30. ... d4 
    {[%clk 0:08:57]}
31. Qf8+ 
    {[%clk 0:05:29]}
31. ... Kf6 
    {[%clk 0:09:18]}
32. Qd8+ 
    {[%clk 0:05:52]}
32. ... Ne7 
    {[%clk 0:08:01]}
33. g5+ 
    {[%clk 0:06:02]}
33. ... Kxg5 
    {[%clk 0:08:11]}
34. Qxe7+ 
    {[%clk 0:06:08]}
34. ... Kf4 
    {[%clk 0:07:27]}
35. Qxe6 
    {[%clk 0:06:05]}
35. ... fxe6 
    {[%clk 0:07:52]}
36. Bc5 
    {[%clk 0:06:29]}
1-0

[Event "N1 Reykjavik Open 2014"]
[Site "Reykjavik, Iceland"]
[Date "2014.03.08"]
[Round "6.7"]
[White "Krush, Irina"]
[Black "Gajewski, Grzegorz"]
[Result "1/2-1/2"]
[WhiteElo "2490"]
[BlackElo "2631"]
[LiveChessVersion "1.4.2"]

1. d4 
    {[%clk 1:30:55]}
1. ... e6 
    {[%clk 1:30:54]}
2. c4 
    {[%clk 1:29:37]}
2. ... Bb4+ 
    {[%clk 1:31:18]}
3. Bd2 
    {[%clk 1:28:42]}
3. ... a5 
    {[%clk 1:31:30]}
4. Nc3 
    {[%clk 1:25:06]}
4. ... d5 
    {[%clk 1:31:18]}
5. e3 
    {[%clk 1:24:46]}
5. ... Nf6 
    {[%clk 1:31:40]}
6. Bd3 
    {[%clk 1:24:06]}
6. ... O-O 
    {[%clk 1:32:02]}
7. Nf3 
    {[%clk 1:22:30]}
7. ... b6 
    {[%clk 1:31:51]}
8. O-O 
    {[%clk 1:21:58]}
8. ... Ba6 
    {[%clk 1:32:10]}
9. b3 
    {[%clk 1:19:46]}
9. ... Re8 
    {[%clk 1:06:24]}
10. Qe2 
    {[%clk 1:10:06]}
10. ... Nbd7 
    {[%clk 1:00:01]}
11. a3 
    {[%clk 0:59:44]}
11. ... Bxc3 
    {[%clk 0:59:52]}
12. Bxc3 
    {[%clk 1:00:06]}
12. ... Ne4 
    {[%clk 0:56:49]}
13. Rfc1 
    {[%clk 0:54:51]}
13. ... c5 
    {[%clk 0:49:09]}
14. Bb2 
    {[%clk 0:48:38]}
14. ... a4 
    {[%clk 0:47:28]}
15. bxa4 
    {[%clk 0:35:57]}
15. ... Nd6 
    {[%clk 0:46:42]}
16. Nd2 
    {[%clk 0:24:06]}
16. ... cxd4 
    {[%clk 0:46:10]}
17. exd4 
    {[%clk 0:24:29]}
17. ... dxc4 
    {[%clk 0:46:16]}
18. Nxc4 
    {[%clk 0:24:21]}
18. ... Nf6 
    {[%clk 0:42:20]}
19. Nxd6 
    {[%clk 0:20:27]}
19. ... Bxd3 
    {[%clk 0:42:25]}
20. Qe5 
    {[%clk 0:20:05]}
20. ... Rf8 
    {[%clk 0:42:26]}
21. d5 
    {[%clk 0:15:58]}
21. ... Qe7 
    {[%clk 0:28:52]}
22. Rd1 
    {[%clk 0:07:07]}
22. ... Rad8 
    {[%clk 0:28:28]}
23. Rxd3 
    {[%clk 0:00:38]}
23. ... Qxd6 
    {[%clk 0:28:53]}
24. Qxd6 
    {[%clk 0:00:42]}
24. ... Rxd6 
    {[%clk 0:29:18]}
25. Bxf6 
    {[%clk 0:00:44]}
25. ... gxf6 
    {[%clk 0:29:40]}
26. Rg3+ 
    {[%clk 0:01:04]}
26. ... Kh8 
    {[%clk 0:30:06]}
27. dxe6 
    {[%clk 0:01:28]}
27. ... fxe6 
    {[%clk 0:28:51]}
28. h3 
    {[%clk 0:00:34]}
28. ... Rfd8 
    {[%clk 0:26:51]}
29. Kh2 
    {[%clk 0:00:41]}
29. ... Rd3 
    {[%clk 0:26:49]}
30. Rb1 
    {[%clk 0:00:40]}
30. ... Rxg3 
    {[%clk 0:27:03]}
31. Kxg3 
    {[%clk 0:00:40]}
31. ... Rd3+ 
    {[%clk 0:27:27]}
32. f3 
    {[%clk 0:00:34]}
32. ... Rxa3 
    {[%clk 0:27:42]}
33. Rxb6 
    {[%clk 0:00:41]}
33. ... Rxa4 
    {[%clk 0:28:08]}
34. Rxe6 
    {[%clk 0:00:57]}
34. ... Kg7 
    {[%clk 0:28:34]}
35. Re4 
    {[%clk 0:00:47]}
35. ... Ra2 
    {[%clk 0:27:52]}
36. h4 
    {[%clk 0:00:57]}
36. ... h5 
    {[%clk 0:27:40]}
37. Kf4 
    {[%clk 0:00:50]}
37. ... Rxg2 
    {[%clk 0:23:23]}
38. Kf5 
    {[%clk 0:01:11]}
38. ... Rh2 
    {[%clk 0:23:44]}
39. Re7+ 
    {[%clk 0:00:58]}
39. ... Kh6 
    {[%clk 0:23:02]}
40. Re4 
    {[%clk 0:30:36]}
40. ... Rh3 
    {[%clk 0:49:26]}
41. Rf4 
    {[%clk 0:23:39]}
41. ... Kg7 
    {[%clk 0:49:15]}
42. Ke6 
    {[%clk 0:23:43]}
42. ... Rh2 
    {[%clk 0:47:30]}
43. Rxf6 
    {[%clk 0:22:49]}
43. ... Rxh4 
    {[%clk 0:47:55]}
44. f4 
    {[%clk 0:23:00]}
44. ... Rh1 
    {[%clk 0:45:04]}
45. Rf7+ 
    {[%clk 0:22:43]}
45. ... Kg8 
    {[%clk 0:38:01]}
46. Ra7 
    {[%clk 0:22:27]}
46. ... Rb1 
    {[%clk 0:35:23]}
47. Ra8+ 
    {[%clk 0:15:04]}
47. ... Kg7 
    {[%clk 0:27:52]}
48. Ra7+ 
    {[%clk 0:15:24]}
48. ... Kg8 
    {[%clk 0:28:16]}
49. Ra8+ 
    {[%clk 0:15:41]}
1/2-1/2

[Event "N1 Reykjavik Open 2014"]
[Site "Reykjavik, Iceland"]
[Date "2014.03.08"]
[Round "6.8"]
[White "Rozentalis, Eduardas"]
[Black "Hamitevici, Vladimir"]
[Result "1-0"]
[WhiteElo "2623"]
[BlackElo "2456"]
[LiveChessVersion "1.4.2"]

1. e4 
    {[%clk 1:30:57]}
1. ... c5 
    {[%clk 1:30:45]}
2. Nf3 
    {[%clk 1:30:51]}
2. ... Nc6 
    {[%clk 1:30:59]}
3. Bb5 
    {[%clk 1:31:15]}
3. ... e6 
    {[%clk 1:31:22]}
4. O-O 
    {[%clk 1:30:15]}
4. ... Nge7 
    {[%clk 1:31:47]}
5. Re1 
    {[%clk 1:30:24]}
5. ... Nd4 
    {[%clk 1:31:03]}
6. Bf1 
    {[%clk 1:26:53]}
6. ... Nec6 
    {[%clk 1:30:30]}
7. c3 
    {[%clk 1:25:30]}
7. ... Nxf3+ 
    {[%clk 1:30:54]}
8. Qxf3 
    {[%clk 1:25:57]}
8. ... Be7 
    {[%clk 1:30:06]}
9. Na3 
    {[%clk 1:24:54]}
9. ... O-O 
    {[%clk 1:28:12]}
10. Nc2 
    {[%clk 1:23:22]}
10. ... Bf6 
    {[%clk 1:24:04]}
11. d3 
    {[%clk 1:19:22]}
11. ... d6 
    {[%clk 1:14:59]}
12. Be3 
    {[%clk 1:16:06]}
12. ... Qc7 
    {[%clk 1:15:05]}
13. d4 
    {[%clk 1:10:36]}
13. ... b6 
    {[%clk 1:14:35]}
14. Rad1 
    {[%clk 1:09:30]}
14. ... Rb8 
    {[%clk 1:02:19]}
15. Qg3 
    {[%clk 1:07:18]}
15. ... cxd4 
    {[%clk 1:01:19]}
16. Nxd4 
    {[%clk 1:04:43]}
16. ... Nxd4 
    {[%clk 1:00:10]}
17. cxd4 
    {[%clk 1:04:22]}
17. ... g6 
    {[%clk 0:49:21]}
18. Bh6 
    {[%clk 0:59:14]}
18. ... Re8 
    {[%clk 0:36:26]}
19. e5 
    {[%clk 0:56:07]}
19. ... Be7 
    {[%clk 0:34:33]}
20. h4 
    {[%clk 0:51:51]}
20. ... Bb7 
    {[%clk 0:31:01]}
21. h5 
    {[%clk 0:48:17]}
21. ... Bd5 
    {[%clk 0:26:45]}
22. hxg6 
    {[%clk 0:43:11]}
22. ... fxg6 
    {[%clk 0:24:31]}
23. Bd3 
    {[%clk 0:41:30]}
23. ... Bf8 
    {[%clk 0:24:00]}
24. Bxf8 
    {[%clk 0:38:36]}
24. ... Rxf8 
    {[%clk 0:24:20]}
25. exd6 
    {[%clk 0:38:51]}
25. ... Qd7 
    {[%clk 0:16:50]}
26. Rc1 
    {[%clk 0:24:01]}
26. ... Rbd8 
    {[%clk 0:17:14]}
27. Re5 
    {[%clk 0:20:25]}
27. ... Rf7 
    {[%clk 0:13:17]}
28. Bxg6 
    {[%clk 0:14:53]}
1-0

[Event "N1 Reykjavik Open 2014"]
[Site "Reykjavik, Iceland"]
[Date "2014.03.08"]
[Round "6.9"]
[White "Browne, Walter S."]
[Black "Grandelius, Nils"]
[Result "1-0"]
[WhiteElo "2444"]
[BlackElo "2600"]
[LiveChessVersion "1.4.2"]

1. e4 
    {[%clk 1:30:58]}
1. ... c5 
    {[%clk 1:30:50]}
2. Nf3 
    {[%clk 1:31:25]}
2. ... d6 
    {[%clk 1:31:11]}
3. d4 
    {[%clk 1:31:48]}
3. ... cxd4 
    {[%clk 1:31:35]}
4. Nxd4 
    {[%clk 1:32:13]}
4. ... Nf6 
    {[%clk 1:31:57]}
5. Nc3 
    {[%clk 1:32:39]}
5. ... a6 
    {[%clk 1:32:23]}
6. f3 
    {[%clk 1:32:50]}
6. ... e6 
    {[%clk 1:31:49]}
7. Be3 
    {[%clk 1:32:27]}
7. ... b5 
    {[%clk 1:32:06]}
8. Qd2 
    {[%clk 1:27:24]}
8. ... b4 
    {[%clk 1:31:37]}
9. Nce2 
    {[%clk 1:23:10]}
9. ... e5 
    {[%clk 1:30:21]}
10. Nb3 
    {[%clk 1:08:50]}
10. ... Nc6 
    {[%clk 1:28:38]}
11. Rd1 
    {[%clk 0:59:51]}
11. ... Be6 
    {[%clk 1:22:59]}
12. Ng3 
    {[%clk 0:57:21]}
12. ... Be7 
    {[%clk 1:13:39]}
13. c4 
    {[%clk 0:42:57]}
13. ... a5 
    {[%clk 1:03:37]}
14. Bd3 
    {[%clk 0:34:31]}
14. ... a4 
    {[%clk 1:00:14]}
15. Nc1 
    {[%clk 0:34:37]}
15. ... O-O 
    {[%clk 1:00:32]}
16. O-O 
    {[%clk 0:27:42]}
16. ... Re8 
    {[%clk 0:46:19]}
17. b3 
    {[%clk 0:26:55]}
17. ... Nd7 
    {[%clk 0:39:11]}
18. Nf5 
    {[%clk 0:22:29]}
18. ... Nc5 
    {[%clk 0:32:15]}
19. Bc2 
    {[%clk 0:19:20]}
19. ... Bxf5 
    {[%clk 0:27:15]}
20. exf5 
    {[%clk 0:19:47]}
20. ... axb3 
    {[%clk 0:27:41]}
21. axb3 
    {[%clk 0:19:54]}
21. ... Ra6 
    {[%clk 0:25:02]}
22. Rf2 
    {[%clk 0:16:12]}
22. ... Nd4 
    {[%clk 0:19:00]}
23. Bxd4 
    {[%clk 0:10:45]}
23. ... exd4 
    {[%clk 0:19:19]}
24. Ne2 
    {[%clk 0:10:11]}
24. ... d3 
    {[%clk 0:16:22]}
25. Bxd3 
    {[%clk 0:10:40]}
25. ... Nxb3 
    {[%clk 0:16:49]}
26. Qxb4 
    {[%clk 0:10:46]}
26. ... Rb6 
    {[%clk 0:17:17]}
27. Qe1 
    {[%clk 0:06:09]}
27. ... Bg5 
    {[%clk 0:14:11]}
28. Kh1 
    {[%clk 0:04:49]}
28. ... Nc5 
    {[%clk 0:11:37]}
29. Be4 
    {[%clk 0:04:48]}
29. ... Nxe4 
    {[%clk 0:08:07]}
30. fxe4 
    {[%clk 0:05:17]}
30. ... Rxe4 
    {[%clk 0:08:29]}
31. c5 
    {[%clk 0:05:23]}
31. ... Rc6 
    {[%clk 0:08:54]}
32. cxd6 
    {[%clk 0:05:15]}
32. ... Rxd6 
    {[%clk 0:08:35]}
33. Rxd6 
    {[%clk 0:05:41]}
33. ... Qxd6 
    {[%clk 0:08:58]}
34. Qb1 
    {[%clk 0:05:38]}
34. ... Qe5 
    {[%clk 0:03:21]}
35. Qc2 
    {[%clk 0:06:07]}
35. ... h5 
    {[%clk 0:03:01]}
36. Ng1 
    {[%clk 0:05:14]}
36. ... Rh4 
    {[%clk 0:01:22]}
37. h3 
    {[%clk 0:04:12]}
37. ... Re4 
    {[%clk 0:00:37]}
38. Nf3 
    {[%clk 0:03:03]}
38. ... Qa1+ 
    {[%clk 0:00:38]}
39. Kh2 
    {[%clk 0:03:12]}
39. ... Bf4+ 
    {[%clk 0:00:32]}
40. g3 
    {[%clk 0:33:34]}
40. ... Bxg3+ 
    {[%clk 0:30:32]}
41. Kxg3 
    {[%clk 0:34:00]}
41. ... Re3 
    {[%clk 0:28:00]}
42. Qc8+ 
    {[%clk 0:27:52]}
42. ... Kh7 
    {[%clk 0:28:25]}
43. Kf4 
    {[%clk 0:27:51]}
43. ... Rxf3+ 
    {[%clk 0:27:45]}
44. Kxf3 
    {[%clk 0:26:21]}
44. ... Qd1+ 
    {[%clk 0:28:05]}
45. Ke3 
    {[%clk 0:21:22]}
45. ... Qb3+ 
    {[%clk 0:27:51]}
46. Kd2 
    {[%clk 0:20:10]}
46. ... Qb2+ 
    {[%clk 0:28:17]}
47. Qc2 
    {[%clk 0:19:29]}
47. ... Qd4+ 
    {[%clk 0:28:43]}
48. Ke2 
    {[%clk 0:19:45]}
48. ... Qe5+ 
    {[%clk 0:29:05]}
49. Kf1 
    {[%clk 0:19:43]}
49. ... Qb5+ 
    {[%clk 0:29:28]}
50. Qe2 
    {[%clk 0:18:52]}
1-0

[Event "N1 Reykjavik Open 2014"]
[Site "Reykjavik, Iceland"]
[Date "2014.03.08"]
[Round "6.10"]
[White "Hansen, Eric"]
[Black "Ezat, Mohamed"]
[Result "1/2-1/2"]
[WhiteElo "2587"]
[BlackElo "2439"]
[LiveChessVersion "1.4.2"]

1. e4 
    {[%clk 1:30:54]}
1. ... d6 
    {[%clk 1:30:20]}
2. d4 
    {[%clk 1:31:07]}
2. ... Nf6 
    {[%clk 1:30:03]}
3. Nc3 
    {[%clk 1:31:32]}
3. ... g6 
    {[%clk 1:30:08]}
4. Nf3 
    {[%clk 1:25:02]}
4. ... Bg4 
    {[%clk 1:24:04]}
5. h3 
    {[%clk 1:24:12]}
5. ... Bxf3 
    {[%clk 1:24:17]}
6. Qxf3 
    {[%clk 1:24:36]}
6. ... Nc6 
    {[%clk 1:24:07]}
7. Be3 
    {[%clk 1:22:39]}
7. ... Bg7 
    {[%clk 1:21:58]}
8. O-O-O 
    {[%clk 1:22:27]}
8. ... O-O 
    {[%clk 1:21:47]}
9. g4 
    {[%clk 1:21:20]}
9. ... a6 
    {[%clk 1:20:09]}
10. e5 
    {[%clk 1:12:18]}
10. ... Nd7 
    {[%clk 1:13:49]}
11. e6 
    {[%clk 1:09:18]}
11. ... fxe6 
    {[%clk 1:13:00]}
12. Qe4 
    {[%clk 1:09:22]}
12. ... Rf6 
    {[%clk 1:04:52]}
13. d5 
    {[%clk 1:02:30]}
13. ... exd5 
    {[%clk 1:02:19]}
14. Nxd5 
    {[%clk 1:02:51]}
14. ... e6 
    {[%clk 0:55:56]}
15. Nxf6+ 
    {[%clk 1:01:33]}
15. ... Qxf6 
    {[%clk 0:56:24]}
16. c3 
    {[%clk 1:01:57]}
16. ... Rf8 
    {[%clk 0:47:00]}
17. f4 
    {[%clk 0:56:34]}
17. ... d5 
    {[%clk 0:46:24]}
18. Qg2 
    {[%clk 0:56:19]}
18. ... b5 
    {[%clk 0:45:46]}
19. h4 
    {[%clk 0:52:59]}
19. ... b4 
    {[%clk 0:45:23]}
20. c4 
    {[%clk 0:53:21]}
20. ... Nb6 
    {[%clk 0:36:06]}
21. g5 
    {[%clk 0:52:29]}
21. ... Qf7 
    {[%clk 0:36:22]}
22. Bxb6 
    {[%clk 0:51:32]}
22. ... cxb6 
    {[%clk 0:36:13]}
23. cxd5 
    {[%clk 0:51:58]}
23. ... b3 
    {[%clk 0:33:12]}
24. axb3 
    {[%clk 0:49:10]}
24. ... Nb4 
    {[%clk 0:30:46]}
25. Qe4 
    {[%clk 0:47:46]}
25. ... Qc7+ 
    {[%clk 0:18:53]}
26. Qc4 
    {[%clk 0:42:43]}
26. ... Qd6 
    {[%clk 0:18:26]}
27. Kb1 
    {[%clk 0:24:37]}
27. ... b5 
    {[%clk 0:13:01]}
28. Qe4 
    {[%clk 0:23:51]}
28. ... exd5 
    {[%clk 0:12:47]}
29. Bh3 
    {[%clk 0:22:23]}
29. ... Kh8 
    {[%clk 0:08:11]}
30. h5 
    {[%clk 0:15:28]}
30. ... Rxf4 
    {[%clk 0:06:54]}
31. Qe2 
    {[%clk 0:15:50]}
31. ... gxh5 
    {[%clk 0:04:04]}
32. Qxh5 
    {[%clk 0:13:49]}
32. ... Rf2 
    {[%clk 0:03:56]}
33. Qe8+ 
    {[%clk 0:14:13]}
33. ... Rf8 
    {[%clk 0:04:10]}
34. Qe4 
    {[%clk 0:07:05]}
34. ... Rf2 
    {[%clk 0:01:37]}
35. Qe8+ 
    {[%clk 0:07:29]}
35. ... Rf8 
    {[%clk 0:01:58]}
36. Qe4 
    {[%clk 0:07:56]}
1/2-1/2

[Event "N1 Reykjavik Open 2014"]
[Site "Reykjavik, Iceland"]
[Date "2014.03.08"]
[Round "6.11"]
[White "Tania, Sachdev"]
[Black "Stefansson, Hannes"]
[Result "1/2-1/2"]
[WhiteElo "2423"]
[BlackElo "2541"]
[LiveChessVersion "1.4.2"]

1. d4 
    {[%clk 1:30:11]}
1. ... Nf6 
    {[%clk 1:30:43]}
2. c4 
    {[%clk 1:30:38]}
2. ... e6 
    {[%clk 1:30:52]}
3. Nf3 
    {[%clk 1:31:04]}
3. ... b6 
    {[%clk 1:30:48]}
4. g3 
    {[%clk 1:31:02]}
4. ... Bb7 
    {[%clk 1:30:38]}
5. Bg2 
    {[%clk 1:31:29]}
5. ... Be7 
    {[%clk 1:30:42]}
6. O-O 
    {[%clk 1:31:40]}
6. ... O-O 
    {[%clk 1:30:35]}
7. Nc3 
    {[%clk 1:32:04]}
7. ... Ne4 
    {[%clk 1:30:21]}
8. Bd2 
    {[%clk 1:30:45]}
8. ... f5 
    {[%clk 1:29:57]}
9. Qc2 
    {[%clk 1:30:36]}
9. ... Bf6 
    {[%clk 1:27:48]}
10. Rfd1 
    {[%clk 1:29:22]}
10. ... d6 
    {[%clk 1:19:05]}
11. Be1 
    {[%clk 1:25:33]}
11. ... Nxc3 
    {[%clk 1:13:45]}
12. Bxc3 
    {[%clk 1:25:34]}
12. ... Be4 
    {[%clk 1:13:55]}
13. Qd2 
    {[%clk 1:25:34]}
13. ... Nd7 
    {[%clk 1:12:44]}
14. b4 
    {[%clk 1:15:30]}
14. ... Re8 
    {[%clk 1:08:39]}
15. Ne1 
    {[%clk 1:15:07]}
15. ... Bxg2 
    {[%clk 1:05:09]}
16. Nxg2 
    {[%clk 1:15:26]}
16. ... Qb8 
    {[%clk 1:03:33]}
17. a4 
    {[%clk 1:10:02]}
17. ... Qb7 
    {[%clk 1:01:45]}
18. Qc2 
    {[%clk 1:05:42]}
18. ... Rad8 
    {[%clk 0:51:06]}
19. a5 
    {[%clk 0:57:05]}
19. ... b5 
    {[%clk 0:49:31]}
20. a6 
    {[%clk 0:54:00]}
20. ... Qc6 
    {[%clk 0:44:55]}
21. cxb5 
    {[%clk 0:54:02]}
21. ... Qxb5 
    {[%clk 0:45:15]}
22. Ra5 
    {[%clk 0:51:02]}
22. ... Qc6 
    {[%clk 0:44:37]}
23. b5 
    {[%clk 0:34:37]}
23. ... Qb6 
    {[%clk 0:42:44]}
24. d5 
    {[%clk 0:30:06]}
24. ... Bxc3 
    {[%clk 0:33:49]}
25. Qxc3 
    {[%clk 0:30:31]}
25. ... Nf6 
    {[%clk 0:31:05]}
26. Ne3 
    {[%clk 0:27:46]}
26. ... f4 
    {[%clk 0:30:29]}
27. Nc4 
    {[%clk 0:26:15]}
27. ... Qxf2+ 
    {[%clk 0:30:08]}
28. Kxf2 
    {[%clk 0:26:42]}
28. ... Ne4+ 
    {[%clk 0:30:31]}
29. Kf3 
    {[%clk 0:26:35]}
29. ... Nxc3 
    {[%clk 0:30:55]}
30. Rc1 
    {[%clk 0:25:23]}
30. ... Nxd5 
    {[%clk 0:29:33]}
31. gxf4 
    {[%clk 0:25:18]}
31. ... Rf8 
    {[%clk 0:28:57]}
32. e3 
    {[%clk 0:25:46]}
32. ... e5 
    {[%clk 0:28:33]}
33. Ra2 
    {[%clk 0:12:23]}
33. ... Nb4 
    {[%clk 0:20:47]}
34. Rd2 
    {[%clk 0:12:31]}
34. ... e4+ 
    {[%clk 0:20:22]}
35. Ke2 
    {[%clk 0:11:11]}
35. ... Nd3 
    {[%clk 0:19:59]}
36. Rc3 
    {[%clk 0:11:21]}
36. ... Rf5 
    {[%clk 0:17:45]}
37. Na5 
    {[%clk 0:09:08]}
37. ... Rxb5 
    {[%clk 0:15:51]}
38. Nc6 
    {[%clk 0:09:27]}
38. ... Re8 
    {[%clk 0:15:23]}
39. Nxa7 
    {[%clk 0:09:26]}
39. ... Rb1 
    {[%clk 0:08:49]}
40. Rd1 
    {[%clk 0:39:07]}
40. ... Rb6 
    {[%clk 0:33:49]}
41. Rxc7 
    {[%clk 0:37:48]}
41. ... Rxa6 
    {[%clk 0:34:10]}
42. Nc6 
    {[%clk 0:36:43]}
42. ... Ra2+ 
    {[%clk 0:25:52]}
43. Rd2 
    {[%clk 0:36:37]}
43. ... Rea8 
    {[%clk 0:26:03]}
44. Nd4 
    {[%clk 0:30:51]}
44. ... Ra1 
    {[%clk 0:25:47]}
45. Rd1 
    {[%clk 0:30:43]}
45. ... R8a2+ 
    {[%clk 0:24:14]}
46. Rc2 
    {[%clk 0:28:09]}
46. ... Rxc2+ 
    {[%clk 0:23:08]}
47. Nxc2 
    {[%clk 0:28:35]}
47. ... Ra2 
    {[%clk 0:23:16]}
48. Rd2 
    {[%clk 0:28:38]}
48. ... Kf7 
    {[%clk 0:23:31]}
49. Nd4 
    {[%clk 0:27:53]}
49. ... Rxd2+ 
    {[%clk 0:21:45]}
50. Kxd2 
    {[%clk 0:28:21]}
50. ... g6 
    {[%clk 0:18:49]}
51. Kc3 
    {[%clk 0:26:26]}
51. ... Ne1 
    {[%clk 0:12:57]}
52. Nb5 
    {[%clk 0:20:33]}
52. ... Ke7 
    {[%clk 0:13:22]}
53. Kd4 
    {[%clk 0:19:48]}
53. ... Nf3+ 
    {[%clk 0:13:47]}
54. Kd5 
    {[%clk 0:17:36]}
54. ... Nxh2 
    {[%clk 0:14:11]}
55. Nxd6 
    {[%clk 0:18:00]}
55. ... Ng4 
    {[%clk 0:14:35]}
56. Nc4 
    {[%clk 0:14:55]}
56. ... Nf6+ 
    {[%clk 0:14:00]}
57. Ke5 
    {[%clk 0:15:20]}
57. ... h5 
    {[%clk 0:13:51]}
58. Nd2 
    {[%clk 0:15:46]}
58. ... h4 
    {[%clk 0:14:09]}
59. Nxe4 
    {[%clk 0:16:10]}
59. ... Ng4+ 
    {[%clk 0:14:22]}
60. Kd4 
    {[%clk 0:16:34]}
60. ... h3 
    {[%clk 0:14:19]}
61. Ng3 
    {[%clk 0:15:59]}
61. ... Nf6 
    {[%clk 0:11:37]}
1/2-1/2

[Event "N1 Reykjavik Open 2014"]
[Site "Reykjavik, Iceland"]
[Date "2014.03.08"]
[Round "6.12"]
[White "Gislason, Gudmundur"]
[Black "Olafsson, Helgi"]
[Result "0-1"]
[WhiteElo "2314"]
[BlackElo "2546"]
[LiveChessVersion "1.4.2"]

1. Nf3 Nf6 2. c4 g6 3. g3 Bg7 4. Bg2 O-O 5. O-O c6 6. d4 d6 7. Nc3 Nbd7 8.
 Qc2 Nb6 9. b3 d5 10. c5 Bf5 11. Qb2 Nbd7 12. Bf4 Nh5 13. Be3 e5 14. b4 
Re8 15. Rfd1 Qe7 16. Rac1 Bg4 17. Nxe5 Nxe5 18. dxe5 Bxe5 19. Bd4 Nf6 20. 
h3 Bd7 21. e3 h5 22. Bxe5 Qxe5 23. Rd4 b6 24. Rcd1 bxc5 25. bxc5 Bf5 26. 
Qb7 Qe6 27. Kh2 Qc8 28. Qb2 Rb8 29. Qd2 Qe6 30. Ra4 Qe7 31. Ra5 h4 32. Ne2
Qe5 33. Nd4 hxg3+ 34. fxg3 Bxh3 35. Nxc6 Ng4+ 0-1